| 000 | 01251cam a22003014a 4500 | ||
|---|---|---|---|
| 999 |
_c128173 _d128173 |
||
| 001 | 12936928 | ||
| 003 | ARRUPE | ||
| 005 | 20180914121045.0 | ||
| 008 | 020919s2003 mau b 001 0 eng | ||
| 010 | _a 2002190859 | ||
| 020 | _a0262083183 (hc : alk. paper) | ||
| 040 |
_aDLC _cDLC _dDLC |
||
| 041 | 1 |
_aeng _hger |
|
| 042 | _apcc | ||
| 050 | 0 | 0 |
_aB3258.H323 _bW3413 2017 |
| 082 | 0 | 0 |
_a100 _221 |
| 100 | 1 |
_aHabermas, Jürgen. _942215 |
|
| 245 | 1 | 0 |
_aTruth and justification / _cJürgen Habermas ; edited and with translations by Barbara Fultner. |
| 260 |
_aCambridge, Mass. : _bPolity Press, _cc2017. |
||
| 300 |
_axxii, 327 p. ; _c24 cm. |
||
| 440 | 0 |
_aStudies in contemporary German social thought _942216 |
|
| 504 | _aIncludes bibliographical references (p. [293]-319) and index. | ||
| 650 | 0 |
_aPhilosophy. _942217 |
|
| 700 | 1 |
_aFultner, Barbara. _942218 |
|
| 906 |
_a7 _bcbc _corignew _d1 _eocip _f20 _gy-gencatlg |
||
| 942 |
_2lcc _cMONOGRAPH |
||